MARC

LEADER 00000nam0a2200000 4500
001 311854
005 20231102002427.0
035 |a (RuTPU)RU\TPU\book\337219 
090 |a 311854 
100 |a 20151212d1982 km y0rusy50 ca 
101 0 |a rus 
102 |a RU 
105 |a a z 001zy 
200 1 |a Перспективы поисков нефти в карбонатных отложениях Татарского свода  |f Н. Г. Абдуллин, Э. З. Бадамшин, Р. Х. Муслимов 
210 |a Казань  |c Изд-во Казанского ун-та  |d 1982 
215 |a 135 с.  |c ил. 
320 |a Библиогр.: с. 123-134 
606 1 |a Нефтяные месторождения  |x Прогноз  |2 stltpush  |3 (RuTPU)RU\TPU\subj\45961  |9 65150 
606 1 |a Карбонатные коллекторы  |2 stltpush  |3 (RuTPU)RU\TPU\subj\72637  |9 86062 
610 1 |a стратиграфия 
610 1 |a литология 
610 1 |a тектоника 
610 1 |a нефтеносность 
610 1 |a районирование 
610 1 |a Татарский ярус 
675 |a 553.982.04  |v 4 
675 |a 552.578.2.061.4:552.54  |v 4 
700 1 |a Абдуллин  |b Н. Г.  |g Нурулла Гайнуллович 
701 1 |a Бадамшин  |b Э. З.  |g Эдуард Закирович 
701 1 |a Муслимов  |b Р. Х.  |g Ренат Халиуллович 
801 1 |a RU  |b 63413507  |c 20151212 
801 2 |a RU  |b 63413507  |c 20191107  |g RCR 
942 |c BK